| 000 | 00371nam a2200145Ia 4500 | ||
|---|---|---|---|
| 008 | 210719s1925 xx 000 0 und d | ||
| 041 | _aeng | ||
| 082 | _a823.912 MARA | ||
| 100 | _aMARTINDALE (C C) | ||
| 245 | _aAlbert Alfred P C. | ||
| 260 |
_aLondon _bBurns Oates and Washbourne Limited _c1925 |
||
| 300 |
_avii,108 _bPB |
||
| 365 | _cRs | ||
| 650 | _aEnglish Fiction | ||
| 999 |
_c214231 _d214231 |
||